000 01704nam a22002297a 4500
999 _c58287
_d58287
003 Ge_BSU
005 20211022123234.0
008 211022s ge ||||| |||| 00| 0 geo d
020 _a9789941828096
041 _ageo
080 _a78.08 მ-92
100 _aგაბაშვილი, ნინო
_912721
245 _aმუსიკალური ლექსი = Musical verse :
_bსავარჯიშოები ბავშვებისთვის /
_cტექსტის ავტორი ნინო გაბაშვილი ; შემდგენლები: ნინო გაბაშვილი, თამარ ჟორდანია ; კომპოზიტორი თამარ ჟორდანია ; მთარგმნელი: ნინო კალანდია, ნატა მეცხოვრიშვილი ; პროექტის შემდგენელი მაია გოგოლაძე ; ფოტოგრაფი გელა ბედიანაშვილი ; დიზაინერი სანდრო ჩხაიძე.
264 _aთბილისი :
_bსაქველმოქმედო ფონდი "აი ია",
_c2020.
300 _a68 გვ. :
_bნოტ. ;
_c29 სმ.
500 _aCD არ აქვს
653 _aმუსიკალური ლექსი
653 _a სავარჯიშოები ბავშვებისთვის
700 _aჟორდანია, თამარ
_eშემდგენელი
_912722
700 _aკალანდია, ნინო
_eმთარგმნელი
_912723
942 _2udc
_cBK